Statistics for Obecné znalosti konečně česky #2

Click here to take the quiz!

General Stats

  • This quiz has been taken 209 times
  • The average score is 7 of 15

Answer Stats

OtázkaOdpověď% Correct
Jak se nazývá hlavní město Kanady?Ottawa
90%
Jaký rod vládl na českém trůně nejdéle?Habsburkové
71%
Na jaký hudební nástroj hrál mistrně Jimi Hendrix?kytara
66%
Přibližně kolik minut putuje světlo ze Slunce na Zemi?8
60%
Jak se jmenuje prezident Běloruska, který je označovaný za posledního diktátora v Evropě?Alexandr Lukašenko
60%
Z jakého masa se připravuje pravý vídeňský řízek?telecího
58%
Kolik titulů mistra NBA získal Michael Jordan s týmem Chicago Bulls?6
55%
Kdo napsal knihy Cesta do středu Země či Cesta kolem světa za 80 dní?Jules Verne
52%
S jakým přívlastkem je spojena ruka fotbalisty Diega Maradony?boží
37%
Jaké jméno přijal na základě muslimské víry legendární boxer Cassius Marcellus Clay Jr.?Muhammad Ali
33%
Čím se zabývá vědní obor cytologie?buňkami
32%
Jak se nazývá hvězda, která je nejblíže našemu Slunci?Proxima Centauri
31%
Na jakém souostroví se nachází základna Pearl Harbor?Havajské ostrovy
14%
Co bylo cílem cesty Bilbo Pytlíka v knize Hobit, aneb Cesta tam a zase zpátky?Osamělá hora
7%
Jaká je nejpěstovanější plodina na světe?cukrová třtina
4%

Score Distribution

Percentile by Number Answered

Percent of People with Each Score

Your Score History

You have not taken this quiz